Statistics for UEFA Champions League Winners Team Logos

Click here to take the quiz!

General Stats

  • This quiz has been taken 1,571 times
  • The average score is 18 of 22

Answer Stats

Team % Correct
Real Madrid
99%
Chelsea
97%
Liverpool
96%
Manchester United
94%
Barcelona
91%
Bayern
91%
Celtic
90%
Juventus
89%
Borussia
88%
Internazionale
87%
Milan
86%
Benfica
82%
Ajax
80%
Aston Villa
78%
PSV Eindhoven
77%
Porto
77%
Nottingham Forest
75%
Olympique Marseille
75%
Feyenoord
69%
Hamburg
67%
Red Star Belgrade
66%
Steaua
45%

Score Distribution

Percentile by Number Answered

Percent of People with Each Score

Your Score History

You have not taken this quiz